000 00310nam a2200133Ia 4500
005 20251222151332.0
008 251222s9999||||xx |||||||||||||| ||spa||
082 _a861/O64
100 _aOrellana, Carlos
245 0 _aLos Simulacros de Venus
250 _a1ra.ed.
264 _bLluvia Editores
942 _cLIB
999 _c24132
_d24132